|
|
|
|
| LEADER |
00700nab a2200217 i 4500 |
| 001 |
publ38647 |
| 005 |
20260112100703.0 |
| 008 |
260112s2025 hu o 000 eng d |
| 022 |
|
|
|a 2560-1911
|
| 024 |
7 |
|
|a 36845921
|2 mtmt
|
| 040 |
|
|
|a SZTE Publicatio Repozitórium
|b hun
|
| 041 |
|
|
|a eng
|
| 100 |
1 |
|
|a Badó Attila
|
| 245 |
1 |
4 |
|a The Judicial System of Kosovo - Preliminary Study
|h [elektronikus dokumentum] /
|c Badó Attila
|
| 260 |
|
|
|c 2025
|
| 300 |
|
|
|a 34
|
| 490 |
0 |
|
|a COMPARATIVE LAW WORKING PAPERS
|v 9 No. 2
|
| 650 |
|
4 |
|a Jogtudomány
|
| 700 |
0 |
1 |
|a Heka László
|e aut
|
| 700 |
0 |
1 |
|a Cheesman Samantha Joy
|e aut
|
| 856 |
4 |
0 |
|u http://publicatio.bibl.u-szeged.hu/38647/1/kosovo_english.pdf
|z Dokumentum-elérés
|